Quizzes
Events
Quiz Creation
Community
Videos
Private Events
Remove Ads
Sign In
Join for FREE
Feedback
Dark Mode
Quiz Categories
Sports
Geography
Music
Movies
Television
Just For Fun
Miscellaneous
History
Literature
Language
Science
Gaming
Entertainment
Religion
Holiday
For Kids
Quiz Lab
Recent
Popular Today
Quiz Kudos Today
Editor Picks
Curator Picks
Quizzes by...
Day
Popularity
Type
Ratings
Length
Year
Community
Subscriptions
Recent Discussions
Orange Saloon
Badges
Playlists
Quests
Create
Leaderboards
Showdown
Live 5
Trivia Bingo
Activity
Puzzle Library
Sporcle Events
Private Events
Virtual Trivia
Globe League
Become a Host
Pub Owners
SporcleCon
Opinionation
Our Games
Videos
Blog
Mobile Apps
Partnerships
Remove Ads and Go Orange
Feedback
Television
TV Characters
TV Show
Sitcom
Network
Friends
Reality Shows
Cast
South Park
Star Trek
The Simpsons
Doctor Who
Television
TV Characters
TV Show
Sitcom
Network
Friends
Reality Shows
Cast
South Park
Star Trek
The Simpsons
Doctor Who
Random Quiz
Search Sporcle
×
Quiz Lab
Quiz Lab
Television
dead
Type in answers that appear in a list
Type in answers that appear in a list
Classic
Best Score? Go Orange.
Walking Dead Characters appearances in season 6 Stats
Can you name the Walking Dead Characters appearances in season 6?
By
Jordy34230
10m
30 Questions
110 Plays
110 Plays
110 Plays
Comments
Comments
Give Quiz Kudos
Give Quiz Kudos
-
- Ratings
hide this ad
Replay
Link that replays current quiz
Next Quiz
Link to next quiz in quiz playlist
You Got
0%
They Got
Avg Score
85%
Avg Friend Score
Upgrade to see
Score Distribution
Jump to the score distribution portion of the page
Score
0/30
Timer
10:00
0
Plays Today
Number of episodes
Characters
% Correct
12
Rick Grimes
98.2%
12
Daryl Dixon
98.2%
12
Rosita Espinosa
97.3%
11
Carol Peletier
97.3%
10
Carl Grimes
97.3%
10
Abraham Ford
97.3%
12
Maggie Greene
95.5%
6
Deanna Monroe
95.5%
12
Michonne
94.5%
11
Eugene Porter
94.5%
10
Glenn Rhee
93.6%
9
Denise Cloyd
93.6%
8
Spencer Monroe
93.6%
6
Jessie Anderson
93.6%
6
Ron Anderson
91.8%
Number of episodes
Characters
% Correct
8
Tara Chambler
90.9%
6
Sam Anderson
90%
11
Morgan Jones
88.2%
8
Enid
87.3%
10
Sasha Williams
85.5%
8
Tobin
85.5%
6
Aaron
83.6%
4
Dwight
76.4%
3
Paul Rovia
75.5%
6
Olivia
74.5%
4
Heath
73.6%
9
Gabriel Stokes
72.7%
4
Eric Raleigh
72.7%
6
Scott
50.9%
4
Bob Miller
33.6%
Quiz Playlist
Details
Report
Send in Message
Add To Playlist
Classic:
Type in answers that appear in a list
Last Updated: Feb 16, 2017
Quiz Scoreboard
CHALLENGE
Sign Up to Join the Scoreboard
Show All
Scores
Hide
Comments
May contain spoilers
Recently Published
Billboard Blitz: Fleetwood Mac
by CooCooCachoo
Music
15s
Presidents Visiting Landmarks
by Hejman
History
7m
An Introduction to Baseball
by treessimontrees
Sports
5m
More to Explore
Quiz From the Vault
Featured Blog Post
Where Did the Easter Bunny Come From?
hide this ad
You Might Also Like...
Tags
appearance
Character
dead
episode
season
Walking
Today's Top Quizzes in Television
Browse Television
hide this ad
Today's Top Quizzes in dead
Browse dead
Top Contributed Quizzes in Television
1
5-to-1: The Simpsons Families
2
5-to-1: Television Doctors
3
7-to-1: TV Show Settings
4
One Piece Logic Puzzle
5
5-to-1: Streaming Originals
6
Survivor Seasons
7
Survivor Logic Puzzle: Heroes vs. Villains
8
TV Shows by First Names
9
Survivor Season by Logo
10
Survivor Trivia
Explore More
Trending Topics
Marvel
Kpop
Harry Potter
NBA
Anime
Crossword
Disney
Pokémon
The Office
Soccer
Country
WWE
Song
Puzzle
NFL
hide this ad
More By:
Jordy34230
Quiz
Plays
Rating
Category
Featured
Created
TVD Characters appearing in both season 1 and season 8
2,581
3.50
Television
Mar 12, 2017
Vampire Diaries Most Lines in Season 1-5
2,087
Television
Feb 4, 2017
Vampire Diaries Most Lines in Season 1
1,509
Television
Jan 15, 2017
Vampire Diaries Most Lines Seasons 1-2
1,066
Television
Jan 22, 2017
Vampire Diaries Most Lines in Seasons 1-4
1,040
Television
Jan 29, 2017
Go to Creator's Profile
Score Distribution
Quiz Creator Spotlight
Jordy34230
Follow
Send a Message
Quizzes Created
-
Created Quiz Play Count
-
More By This Creator
Popular Quizzes Today
1
Find the US States - No Outlines Minefield
2
Find the Countries of Europe - No Outlines Minefield
3
The Countries of the World
4
Find the US States
5
Risky Map Clicking: Biggest States A-Z
6
US States
7
Popular People in 1961
8
Movies - When Are They Set?
More Television Quizzes
Same First Name: TV Character and Actor
Published
Trending Quizzes
Risky Map Clicking: Least Populous States A-Z
1-10 Letter G Words
1-10 Letter F Words
Risky Map Clicking: Next State Alphabetically
Risky Map Clicking: Biggest States A-Z
Recently Updated
Leaping Animals
pecheneg
Reality TV Shows (A-Z)
bhenderson79
Rickey Henderson's Hall of Fame Teammates
pecheneg
Champions League XIs: Arsenal
pecheneg
Quick Pick: Celebrities in WWE's Hall of Fame
aduchscher
A-Z Keypad Blitz II
pecheneg
Multiple Oscar Actors
pecheneg
Mystery Phrase Blitz: Oscar 'Best Actors'
pecheneg
F. Scott Fitzgerald Novels
LTH
Pick 3 Villains
ddd62291
Trending Topics
Kpop
Harry Potter
Crossword
Anime
Disney
NBA
Marvel
Puzzle
The Office
Pokémon
Soccer
Song
WWE
NFL
Country
Your Account Isn't Verified!
In order to create a playlist on Sporcle, you need to verify the email address you used during registration. Go to your
Sporcle Settings
to finish the process.
Report this User
Report this user for behavior that violates our
Community Guidelines
.
Details:
Send Report
Go to the Sporcle.com Mobile Site →
Comments